[Event "V Open Escacs Xàtiva"]
[Site "Xàtiva, Spain"]
[Date "2019.07.18"]
[Round "5.7"]
[White "Albuixech Soler, Sergi"]
[Black "Megias Chafer, Alejandro"]
[Result "0-1"]
[WhiteElo "1302"]
[BlackElo "2119"]
[PlyCount "38"]
[EventDate "2019.??.??"]

1. e4 {[%clk 01:30:56]  [%emt 00:00:32]} 1... c5 {
[%clk 01:30:55]  [%emt 00:00:03]} 2. Nf3 {[%clk 01:31:10]} 2... d6 {
[%clk 01:31:20]  [%emt 00:00:04]} 3. Nc3 {[%clk 01:31:23]  [%emt 00:00:09]}
3... a6 {[%clk 01:31:36]  [%emt 00:00:15]} 4. Be2 {
[%clk 01:31:12]  [%emt 00:00:40]} 4... b5 {[%clk 01:31:51]  [%emt 00:00:15]} 5.
d4 {[%clk 01:30:42]  [%emt 00:01:01]} 5... cxd4 {
[%clk 01:31:54]  [%emt 00:00:47]} 6. Nxd4 {[%clk 01:30:48]  [%emt 00:00:07]}
6... Nf6 {[%clk 01:32:17]  [%emt 00:00:07]} 7. O-O {
[%clk 01:30:48]  [%emt 00:00:26]} 7... Bb7 {[%clk 01:32:32]  [%emt 00:00:20]}
8. Qd3 {[%clk 01:29:45]  [%emt 00:01:31]} 8... e6 {
[%clk 01:32:20]  [%emt 00:00:39]} 9. Bg5 {[%clk 01:28:57]  [%emt 00:01:18]}
9... Nbd7 {[%clk 01:32:11]  [%emt 00:00:42]} 10. f4 {
[%clk 01:22:14]  [%emt 00:07:22]} 10... Be7 {[%clk 01:31:59]  [%emt 00:00:32]}
11. b4 {[%clk 01:14:43]  [%emt 00:07:59]} 11... Rc8 {
[%clk 01:31:00]  [%emt 00:01:32]} 12. Bf3 {[%clk 01:11:36]  [%emt 00:04:00]}
12... Qc7 {[%clk 01:31:18]  [%emt 00:00:03]} 13. Nde2 {[%clk 01:11:59]} 13...
h6 {[%clk 01:31:23]  [%emt 00:00:21]} 14. Bh4 {[%clk 01:11:28]  [%emt 00:01:01]
} 14... O-O {[%clk 01:29:51]  [%emt 00:01:58]} 15. Rad1 {[%emt 00:05:02]} 15...
Rfd8 {[%clk 01:29:35]  [%emt 00:00:37]} 16. Kh1 {
[%clk 01:00:48]  [%emt 00:06:46]} 16... Nb6 {[%clk 01:29:20]  [%emt 00:00:45]}
17. e5 {[%clk 00:57:57]  [%emt 00:03:24]} 17... dxe5 {
[%clk 01:29:17]  [%emt 00:00:30]} 18. Qe3 {[%clk 00:56:56]  [%emt 00:01:30]}
18... exf4 {[%clk 01:29:27]  [%emt 00:00:20]} 19. Qf2 {
[%clk 00:56:34]  [%emt 00:00:52]} 19... e5 {[%emt 00:04:56]} 0-1

[Event "V Open Escacs Xàtiva"]
[Site "Xàtiva, Spain"]
[Date "2019.07.18"]
[Round "5.8"]
[White "Reig Albero, Ferran"]
[Black "Galindo Montoya, Diego"]
[Result "1/2-1/2"]
[WhiteElo "1946"]
[BlackElo "1905"]
[PlyCount "87"]
[EventDate "2019.??.??"]

1. e4 {[%clk 01:29:44]  [%emt 00:01:15]} 1... e5 {
[%clk 01:30:53]  [%emt 00:00:26]} 2. Nf3 {[%clk 01:30:02]} 2... Nc6 {
[%clk 01:31:16]} 3. Bc4 {[%clk 01:30:00]  [%emt 00:00:32]} 3... Bc5 {
[%clk 01:31:39]  [%emt 00:00:22]} 4. O-O {[%clk 01:29:43]  [%emt 00:00:51]}
4... Nf6 {[%clk 01:32:00]  [%emt 00:00:08]} 5. d3 {
[%clk 01:30:00]  [%emt 00:00:10]} 5... d6 {[%clk 01:32:20]  [%emt 00:00:03]} 6.
c3 {[%clk 01:30:03]  [%emt 00:00:20]} 6... a6 {[%clk 01:32:39]  [%emt 00:00:28]
} 7. Bb3 {[%clk 01:26:50]  [%emt 00:03:29]} 7... Ba7 {
[%clk 01:32:19]  [%emt 00:00:56]} 8. Nbd2 {[%clk 01:24:45]  [%emt 00:02:24]}
8... O-O {[%clk 01:32:10]  [%emt 00:00:39]} 9. Re1 {
[%clk 01:22:42]  [%emt 00:02:42]} 9... Ne7 {[%clk 01:29:36]  [%emt 00:02:57]}
10. Nf1 {[%clk 01:15:28]  [%emt 00:07:43]} 10... Ng6 {
[%clk 01:29:05]  [%emt 00:01:09]} 11. Ng3 {[%clk 01:14:50]  [%emt 00:00:59]}
11... h6 {[%clk 01:24:57]  [%emt 00:04:55]} 12. d4 {
[%clk 01:12:22]  [%emt 00:02:41]} 12... Re8 {[%clk 01:22:20]  [%emt 00:03:08]}
13. h3 {[%clk 00:58:17]  [%emt 00:15:09]} 13... b5 {
[%clk 01:09:17]  [%emt 00:13:00]} 14. Be3 {[%clk 00:52:25]  [%emt 00:06:19]}
14... exd4 {[%clk 01:03:17]  [%emt 00:06:29]} 15. Bxd4 {
[%clk 00:38:04]  [%emt 00:14:50]} 15... c5 {[%clk 00:59:33]  [%emt 00:04:16]}
16. Bxf6 {[%clk 00:34:56]  [%emt 00:03:36]} 16... Qxf6 {
[%clk 00:59:13]  [%emt 00:00:50]} 17. Bd5 {[%clk 00:32:55]  [%emt 00:02:32]}
17... Rb8 {[%clk 00:58:39]  [%emt 00:01:05]} 18. Nh5 {
[%clk 00:31:35]  [%emt 00:01:47]} 18... Qe7 {[%clk 00:53:22]  [%emt 00:05:48]}
19. Qd2 {[%clk 00:30:10]  [%emt 00:01:56]} 19... Be6 {
[%clk 00:51:07]  [%emt 00:02:47]} 20. Rad1 {[%clk 00:27:20]  [%emt 00:03:18]}
20... Red8 {[%clk 00:50:31]  [%emt 00:01:06]} 21. Nf4 {
[%clk 00:24:34]  [%emt 00:04:26]} 21... Ne5 {[%clk 00:46:52]  [%emt 00:02:58]}
22. Qe2 {[%clk 00:23:21]  [%emt 00:01:42]} 22... Qf6 {
[%clk 00:33:03]  [%emt 00:14:21]} 23. Nxe5 {[%clk 00:20:24]  [%emt 00:03:25]}
23... Qxe5 {[%clk 00:27:40]  [%emt 00:05:59]} 24. Qf3 {
[%clk 00:13:23]  [%emt 00:07:26]} 24... c4 {[%clk 00:25:28]  [%emt 00:02:43]}
25. Ne2 {[%clk 00:08:51]  [%emt 00:05:01]} 25... Qg5 {
[%clk 00:23:31]  [%emt 00:02:31]} 26. Nd4 {[%clk 00:07:46]  [%emt 00:02:11]}
26... Bxd5 {[%clk 00:19:16]  [%emt 00:04:40]} 27. exd5 {[%clk 00:08:06]} 27...
Bxd4 {[%clk 00:19:33]  [%emt 00:00:03]} 28. Rxd4 {
[%clk 00:08:24]  [%emt 00:00:09]} 28... Re8 {[%clk 00:18:40]  [%emt 00:01:20]}
29. Rde4 {[%clk 00:08:05]  [%emt 00:00:41]} 29... Rxe4 {
[%clk 00:17:22]  [%emt 00:01:51]} 30. Qxe4 {[%clk 00:07:40]  [%emt 00:00:50]}
30... Qd2 {[%clk 00:17:02]  [%emt 00:00:51]} 31. Re2 {
[%clk 00:07:17]  [%emt 00:00:55]} 31... Qd1+ {[%clk 00:17:03]  [%emt 00:01:12]}
32. Kh2 {[%clk 00:06:18]} 32... a5 {[%clk 00:16:51]  [%emt 00:01:53]} 33. Qf3 {
[%clk 00:03:58]  [%emt 00:02:23]} 33... Qb1 {[%clk 00:13:44]  [%emt 00:03:38]}
34. a3 {[%emt 00:00:51]} 34... b4 {[%clk 00:13:35]  [%emt 00:00:23]} 35. axb4 {
[%clk 00:03:46]  [%emt 00:00:38]} 35... axb4 {[%clk 00:13:56]  [%emt 00:00:13]}
36. Qf4 {[%clk 00:02:03]  [%emt 00:02:12]} 36... bxc3 {
[%clk 00:10:54]  [%emt 00:03:27]} 37. bxc3 {[%clk 00:02:29]  [%emt 00:00:07]}
37... Qd3 {[%clk 00:10:14]  [%emt 00:01:08]} 38. Qxd6 {
[%clk 00:02:00]  [%emt 00:01:01]} 38... Rb5 {[%clk 00:09:52]  [%emt 00:00:49]}
39. Re3 {[%clk 00:00:37]  [%emt 00:01:53]} 39... Qxd5 {
[%clk 00:08:48]  [%emt 00:01:36]} 40. Qxd5 {[%clk 00:00:42]  [%emt 00:00:23]}
40... Rxd5 {[%clk 00:09:11]  [%emt 00:00:09]} 41. Re8+ {
[%clk 00:01:08]  [%emt 00:00:08]} 41... Kh7 {[%clk 00:09:27]  [%emt 00:00:08]}
42. Rc8 {[%clk 00:01:37]} 42... Rd2 {[%clk 00:09:48]  [%emt 00:00:16]} 43. Rxc4
{[%clk 00:02:01]  [%emt 00:00:10]} 43... Rxf2 {[%clk 00:10:11]} 44. Kg3 {
[%emt 00:00:46]} 1/2-1/2

[Event "V Open Escacs Xàtiva"]
[Site "Xàtiva, Spain"]
[Date "2019.07.18"]
[Round "5.9"]
[White "Martinez Lopez, Jaume"]
[Black "Martinez Lopez, Jose Luis"]
[Result "1-0"]
[WhiteElo "2007"]
[BlackElo "1702"]
[PlyCount "41"]
[EventDate "2019.??.??"]

1. d4 {[%clk 01:30:58]  [%emt 00:00:04]} 1... d5 {
[%clk 01:30:48]  [%emt 00:00:09]} 2. Bf4 {[%clk 01:31:23]  [%emt 00:00:26]}
2... Nf6 {[%clk 01:31:11]} 3. e3 {[%clk 01:31:47]} 3... e6 {
[%clk 01:31:23]  [%emt 00:00:12]} 4. Nd2 {[%clk 01:31:59]  [%emt 00:00:19]}
4... Bd6 {[%clk 01:31:28]  [%emt 00:00:24]} 5. Bg3 {
[%clk 01:32:23]  [%emt 00:00:07]} 5... O-O {[%clk 01:31:43]  [%emt 00:00:20]}
6. Bd3 {[%clk 01:32:25]  [%emt 00:00:22]} 6... b6 {
[%clk 01:31:41]  [%emt 00:00:30]} 7. Ngf3 {[%clk 01:32:46]  [%emt 00:00:34]}
7... Bb7 {[%clk 01:28:02]  [%emt 00:03:43]} 8. Ne5 {
[%clk 01:25:31]  [%emt 00:07:56]} 8... c5 {[%clk 01:24:22]  [%emt 00:03:59]} 9.
c3 {[%clk 01:25:42]  [%emt 00:00:37]} 9... c4 {[%clk 01:23:51]  [%emt 00:01:20]
} 10. Bc2 {[%clk 01:26:04]} 10... b5 {[%clk 01:23:54]  [%emt 00:00:04]} 11. Qf3
{[%clk 01:22:21]  [%emt 00:04:10]} 11... Nc6 {[%clk 01:21:32]  [%emt 00:03:09]}
12. e4 {[%clk 01:21:12]  [%emt 00:01:29]} 12... dxe4 {
[%clk 00:59:12]  [%emt 00:22:42]} 13. Nxe4 {[%clk 01:17:18]  [%emt 00:04:24]}
13... Ne8 {[%clk 00:50:30]  [%emt 00:09:11]} 14. Nxd6 {
[%clk 00:52:31]  [%emt 00:25:25]} 14... Qxd6 {[%clk 00:49:42]  [%emt 00:01:12]}
15. Qh5 {[%clk 00:52:31]  [%emt 00:00:48]} 15... Nf6 {
[%clk 00:48:54]  [%emt 00:01:04]} 16. Qh4 {[%clk 00:44:12]  [%emt 00:08:47]}
16... Qd8 {[%clk 00:38:38]  [%emt 00:10:44]} 17. Ng4 {
[%clk 00:36:25]  [%emt 00:08:42]} 17... h5 {[%clk 00:34:09]  [%emt 00:05:12]}
18. Nxf6+ {[%clk 00:35:59]  [%emt 00:00:18]} 18... Qxf6 {
[%clk 00:34:29]  [%emt 00:00:12]} 19. Qxh5 {[%clk 00:36:23]  [%emt 00:00:07]}
19... Qh6 {[%clk 00:34:28]  [%emt 00:00:27]} 20. Qxb5 {
[%clk 00:35:20]  [%emt 00:01:33]} 20... Rab8 {[%clk 00:34:24]  [%emt 00:00:38]}
21. Bxb8 {[%clk 00:35:43]  [%emt 00:00:12]} 1-0

[Event "V Open Escacs Xàtiva"]
[Site "Xàtiva, Spain"]
[Date "2019.07.18"]
[Round "5.10"]
[White "Domenech Briz, Jose"]
[Black "Fernandez Sanchez, Vicente"]
[Result "1-0"]
[WhiteElo "1565"]
[BlackElo "1703"]
[PlyCount "63"]
[EventDate "2019.??.??"]

1. e4 {[%clk 01:30:56]  [%emt 00:00:03]} 1... c6 {
[%clk 01:30:33]  [%emt 00:00:05]} 2. Nc3 {[%clk 01:29:51]  [%emt 00:01:34]}
2... d5 {[%clk 01:30:34]  [%emt 00:00:30]} 3. Nf3 {
[%clk 01:29:31]  [%emt 00:00:58]} 3... dxe4 {[%clk 01:29:53]  [%emt 00:01:03]}
4. Nxe4 {[%clk 01:29:54]  [%emt 00:00:38]} 4... Nd7 {
[%clk 01:28:57]  [%emt 00:00:55]} 5. Bc4 {[%clk 01:29:02]  [%emt 00:01:22]}
5... e6 {[%clk 01:26:17]  [%emt 00:03:16]} 6. a3 {
[%clk 01:27:15]  [%emt 00:02:11]} 6... Ngf6 {[%clk 01:25:38]  [%emt 00:01:07]}
7. Ng3 {[%clk 01:22:48]  [%emt 00:04:58]} 7... Bd6 {
[%clk 01:22:57]  [%emt 00:03:17]} 8. O-O {[%clk 01:21:38]  [%emt 00:02:13]}
8... O-O {[%clk 01:21:43]  [%emt 00:01:34]} 9. d4 {
[%clk 01:20:04]  [%emt 00:01:35]} 9... b5 {[%clk 01:16:38]  [%emt 00:05:34]}
10. Ba2 {[%clk 01:16:15]  [%emt 00:04:21]} 10... Bb7 {
[%clk 01:13:29]  [%emt 00:03:39]} 11. Nd2 {[%clk 01:11:07]  [%emt 00:05:45]}
11... Qc7 {[%clk 01:11:33]  [%emt 00:02:18]} 12. b4 {
[%clk 01:02:36]  [%emt 00:09:08]} 12... Nd5 {[%clk 01:01:01]  [%emt 00:10:54]}
13. Nde4 {[%clk 00:58:50]  [%emt 00:04:22]} 13... Bf4 {
[%clk 00:57:53]  [%emt 00:03:32]} 14. Bxf4 {[%clk 00:56:40]  [%emt 00:02:50]}
14... Qxf4 {[%clk 00:57:12]  [%emt 00:01:06]} 15. Qc1 {
[%clk 00:34:17]  [%emt 00:22:47]} 15... Qc7 {[%clk 00:52:50]  [%emt 00:04:55]}
16. c3 {[%clk 00:33:49]  [%emt 00:00:56]} 16... N7f6 {
[%clk 00:45:18]  [%emt 00:08:03]} 17. Nc5 {[%clk 00:31:37]  [%emt 00:02:42]}
17... a5 {[%clk 00:43:19]  [%emt 00:02:29]} 18. Qb2 {
[%clk 00:25:58]  [%emt 00:06:09]} 18... Ra7 {[%clk 00:40:53]  [%emt 00:02:56]}
19. Bb3 {[%clk 00:24:49]  [%emt 00:01:45]} 19... a4 {
[%clk 00:36:59]  [%emt 00:04:17]} 20. Bc2 {[%clk 00:23:48]  [%emt 00:01:31]}
20... Re8 {[%clk 00:32:43]  [%emt 00:04:50]} 21. Rfe1 {
[%clk 00:23:19]  [%emt 00:00:59]} 21... Qf4 {[%clk 00:26:48]  [%emt 00:06:23]}
22. Nge4 {[%clk 00:21:12]  [%emt 00:02:38]} 22... Bc8 {
[%clk 00:17:59]  [%emt 00:09:18]} 23. Qc1 {[%clk 00:20:37]  [%emt 00:01:03]}
23... Qxc1 {[%clk 00:17:13]  [%emt 00:01:16]} 24. Raxc1 {
[%clk 00:21:03]  [%emt 00:00:22]} 24... Nxe4 {[%clk 00:16:32]  [%emt 00:00:56]}
25. Bxe4 {[%clk 00:21:24]  [%emt 00:00:18]} 25... Rae7 {
[%clk 00:15:44]  [%emt 00:01:06]} 26. Kf1 {[%clk 00:16:55]  [%emt 00:05:01]}
26... f5 {[%clk 00:14:40]  [%emt 00:01:35]} 27. Bf3 {
[%clk 00:16:31]  [%emt 00:00:52]} 27... e5 {[%clk 00:13:36]  [%emt 00:01:34]}
28. dxe5 {[%clk 00:15:35]  [%emt 00:01:29]} 28... Rxe5 {
[%clk 00:13:26]  [%emt 00:00:37]} 29. Rxe5 {[%clk 00:15:44]  [%emt 00:00:29]}
29... Rxe5 {[%clk 00:13:41]  [%emt 00:00:06]} 30. c4 {
[%clk 00:15:42]  [%emt 00:00:58]} 30... Ne7 {[%clk 00:10:50]  [%emt 00:03:14]}
31. cxb5 {[%clk 00:15:14]  [%emt 00:00:45]} 31... cxb5 {
[%clk 00:10:58]  [%emt 00:00:26]} 32. Be2 {[%clk 00:15:11]  [%emt 00:00:24]}
1-0

[Event "V Open Escacs Xàtiva"]
[Site "Xàtiva, Spain"]
[Date "2019.07.18"]
[Round "5.11"]
[White "Pallas Moragues, Gerard"]
[Black "Vila Tormo, Eduardo"]
[Result "0-1"]
[WhiteElo "1667"]
[BlackElo "1587"]
[PlyCount "48"]
[EventDate "2019.??.??"]

1. e4 {[%clk 01:30:58]  [%emt 00:00:01]} 1... e5 {
[%clk 01:29:26]  [%emt 00:01:34]} 2. Nf3 {[%clk 01:31:15]  [%emt 00:00:13]}
2... Nf6 {[%clk 01:29:48]  [%emt 00:00:07]} 3. Nc3 {
[%clk 01:31:01]  [%emt 00:00:45]} 3... Bc5 {[%clk 01:29:57]  [%emt 00:00:21]}
4. h3 {[%clk 01:30:22]  [%emt 00:01:09]} 4... Nc6 {
[%clk 01:29:53]  [%emt 00:00:34]} 5. Nxe5 {[%clk 01:29:38]  [%emt 00:01:14]}
5... Bxf2+ {[%clk 01:30:02]  [%emt 00:00:21]} 6. Kxf2 {
[%clk 01:29:57]  [%emt 00:00:11]} 6... Nxe5 {[%clk 01:30:24]  [%emt 00:00:07]}
7. d4 {[%clk 01:29:26]  [%emt 00:01:02]} 7... Nc6 {
[%clk 01:27:08]  [%emt 00:03:46]} 8. Bb5 {[%clk 01:26:49]  [%emt 00:03:07]}
8... a6 {[%clk 01:24:26]  [%emt 00:03:12]} 9. Bxc6 {
[%clk 01:22:34]  [%emt 00:04:45]} 9... dxc6 {[%clk 01:24:30]  [%emt 00:00:26]}
10. Rf1 {[%clk 01:22:09]  [%emt 00:00:54]} 10... O-O {
[%clk 01:22:29]  [%emt 00:02:31]} 11. Kg1 {[%clk 01:20:28]  [%emt 00:02:12]}
11... h6 {[%clk 01:18:07]  [%emt 00:04:52]} 12. Bf4 {
[%clk 01:11:34]  [%emt 00:09:24]} 12... Nh7 {[%clk 01:16:05]  [%emt 00:02:31]}
13. e5 {[%clk 01:05:29]  [%emt 00:06:36]} 13... Be6 {
[%clk 01:13:36]  [%emt 00:02:57]} 14. Ne4 {[%clk 01:02:07]  [%emt 00:03:53]}
14... Qh4 {[%clk 01:08:51]  [%emt 00:05:15]} 15. Qd3 {
[%clk 00:53:47]  [%emt 00:08:50]} 15... Ng5 {[%clk 00:49:30]  [%emt 00:19:50]}
16. Nxg5 {[%clk 00:52:33]  [%emt 00:01:46]} 16... hxg5 {
[%clk 00:49:26]  [%emt 00:00:33]} 17. Bg3 {[%clk 00:52:34]  [%emt 00:00:29]}
17... Qh6 {[%clk 00:45:21]  [%emt 00:04:34]} 18. Rf2 {
[%clk 00:49:22]  [%emt 00:03:44]} 18... Rad8 {[%clk 00:38:15]  [%emt 00:07:35]}
19. Qe3 {[%clk 00:46:28]  [%emt 00:03:24]} 19... Rd7 {
[%clk 00:35:53]  [%emt 00:02:53]} 20. c3 {[%clk 00:43:37]  [%emt 00:03:20]}
20... Rfd8 {[%clk 00:36:05]  [%emt 00:00:19]} 21. h4 {
[%clk 00:41:04]  [%emt 00:03:02]} 21... c5 {[%clk 00:31:43]  [%emt 00:04:53]}
22. dxc5 {[%clk 00:36:23]  [%emt 00:05:11]} 22... Rd3 {
[%clk 00:30:59]  [%emt 00:01:13]} 23. Qxg5 {[%clk 00:35:28]  [%emt 00:01:26]}
23... Qxg5 {[%clk 00:31:04]  [%emt 00:00:25]} 24. hxg5 {
[%clk 00:35:53]  [%emt 00:00:05]} 24... Rxg3 {[%emt 00:00:22]} 0-1

[Event "V Open Escacs Xàtiva"]
[Site "Xàtiva, Spain"]
[Date "2019.07.18"]
[Round "5.12"]
[White "Gukasov, Artem"]
[Black "Morant Gomar, Sergio"]
[Result "1/2-1/2"]
[WhiteElo "1369"]
[BlackElo "1653"]
[PlyCount "111"]
[EventDate "2019.??.??"]

1. e4 {[%clk 01:30:54]  [%emt 00:00:05]} 1... c5 {
[%clk 01:30:42]  [%emt 00:00:17]} 2. Nf3 {[%clk 01:31:01]  [%emt 00:00:21]}
2... Nc6 {[%clk 01:30:48]  [%emt 00:00:27]} 3. d4 {
[%clk 01:31:15]  [%emt 00:00:16]} 3... cxd4 {[%clk 01:31:07]  [%emt 00:00:11]}
4. Nxd4 {[%clk 01:31:26]  [%emt 00:00:19]} 4... e5 {
[%clk 01:31:09]  [%emt 00:00:28]} 5. Nxc6 {[%clk 01:30:51]  [%emt 00:01:06]}
5... bxc6 {[%clk 01:31:15]  [%emt 00:00:19]} 6. Nc3 {
[%clk 01:30:40]  [%emt 00:00:45]} 6... Bb4 {[%clk 01:30:11]  [%emt 00:01:34]}
7. Bd2 {[%clk 01:29:17]  [%emt 00:01:53]} 7... Ne7 {
[%clk 01:29:51]  [%emt 00:00:50]} 8. a3 {[%clk 01:28:38]  [%emt 00:01:10]} 8...
Ba5 {[%clk 01:25:29]  [%emt 00:04:52]} 9. b4 {[%clk 01:28:00]  [%emt 00:01:08]}
9... Bb6 {[%clk 01:25:15]  [%emt 00:00:44]} 10. Qh5 {
[%clk 01:22:28]  [%emt 00:06:03]} 10... Bd4 {[%clk 01:24:10]  [%emt 00:01:34]}
11. Rd1 {[%clk 01:16:14]  [%emt 00:03:48]} 11... O-O {
[%clk 01:21:04]  [%emt 00:06:32]} 12. Bd3 {[%clk 01:13:13]  [%emt 00:03:31]}
12... Ng6 {[%clk 01:12:41]  [%emt 00:08:53]} 13. Ne2 {
[%clk 01:11:00]  [%emt 00:02:44]} 13... Bb6 {[%clk 01:09:07]  [%emt 00:04:01]}
14. O-O {[%clk 01:07:24]  [%emt 00:04:07]} 14... d6 {
[%clk 01:08:42]  [%emt 00:00:57]} 15. Kh1 {[%clk 01:05:25]  [%emt 00:02:29]}
15... f5 {[%clk 01:07:00]  [%emt 00:02:12]} 16. exf5 {
[%clk 01:03:43]  [%emt 00:02:11]} 16... Qh4 {[%clk 01:03:32]  [%emt 00:03:58]}
17. Qxh4 {[%clk 00:55:47]  [%emt 00:08:27]} 17... Nxh4 {
[%clk 01:03:59]  [%emt 00:00:02]} 18. Ng3 {[%clk 00:51:30]  [%emt 00:04:47]}
18... d5 {[%clk 01:03:51]  [%emt 00:00:38]} 19. f3 {
[%clk 00:48:39]  [%emt 00:03:21]} 19... Nxf5 {[%clk 01:04:11]  [%emt 00:00:10]}
20. Bxf5 {[%clk 00:48:02]  [%emt 00:01:07]} 20... Bxf5 {
[%clk 01:04:35]  [%emt 00:00:05]} 21. Nxf5 {[%clk 00:47:45]  [%emt 00:00:48]}
21... Rxf5 {[%clk 01:05:01]  [%emt 00:00:03]} 22. g4 {
[%clk 00:44:56]  [%emt 00:03:20]} 22... Rf7 {[%clk 01:04:24]  [%emt 00:01:07]}
23. Kg2 {[%clk 00:39:05]  [%emt 00:06:21]} 23... a5 {
[%clk 00:59:09]  [%emt 00:05:45]} 24. Rde1 {[%clk 00:35:50]  [%emt 00:03:45]}
24... Re7 {[%clk 00:57:43]  [%emt 00:01:56]} 25. c3 {
[%clk 00:30:02]  [%emt 00:06:19]} 25... axb4 {[%clk 00:57:15]  [%emt 00:00:58]}
26. axb4 {[%clk 00:30:17]  [%emt 00:00:15]} 26... Ra2 {
[%clk 00:56:50]  [%emt 00:00:54]} 27. Re2 {[%clk 00:29:07]  [%emt 00:01:42]}
27... d4 {[%clk 00:55:12]  [%emt 00:02:07]} 28. cxd4 {
[%clk 00:26:05]  [%emt 00:03:32]} 28... Bxd4 {[%clk 00:55:30]  [%emt 00:00:12]}
29. Rfe1 {[%clk 00:26:21]  [%emt 00:00:14]} 29... Rea7 {
[%clk 00:50:43]  [%emt 00:05:17]} 30. Kg3 {[%clk 00:16:34]  [%emt 00:10:17]}
30... Rc2 {[%clk 00:44:32]  [%emt 00:06:41]} 31. Be3 {
[%clk 00:15:41]  [%emt 00:01:23]} 31... Raa2 {[%clk 00:44:07]  [%emt 00:00:55]}
32. Rxc2 {[%clk 00:13:44]  [%emt 00:02:27]} 32... Rxc2 {
[%clk 00:44:35]  [%emt 00:00:02]} 33. Rc1 {[%clk 00:12:40]  [%emt 00:01:33]}
33... Rxc1 {[%clk 00:42:33]  [%emt 00:02:32]} 34. Bxc1 {
[%clk 00:13:00]  [%emt 00:00:10]} 34... Bc3 {[%clk 00:42:54]  [%emt 00:00:08]}
35. Ba3 {[%clk 00:12:34]  [%emt 00:00:58]} 35... Kf7 {
[%clk 00:43:04]  [%emt 00:00:19]} 36. Kf2 {[%clk 00:12:54]  [%emt 00:00:10]}
36... Ke6 {[%clk 00:41:10]  [%emt 00:02:24]} 37. Ke3 {
[%clk 00:13:04]  [%emt 00:00:21]} 37... Kd5 {[%clk 00:40:45]  [%emt 00:00:54]}
38. Kd3 {[%clk 00:12:46]  [%emt 00:00:49]} 38... Be1 {
[%clk 00:40:25]  [%emt 00:00:49]} 39. Ke2 {[%clk 00:11:44]  [%emt 00:01:33]}
39... Bh4 {[%clk 00:40:11]  [%emt 00:00:43]} 40. Kd3 {
[%clk 00:11:48]  [%emt 00:00:26]} 40... Be7 {[%clk 00:40:03]  [%emt 00:00:38]}
41. h3 {[%clk 00:11:08]  [%emt 00:01:12]} 41... h6 {
[%clk 00:39:53]  [%emt 00:00:39]} 42. Kc3 {[%clk 00:11:08]  [%emt 00:00:30]}
42... e4 {[%clk 00:35:08]  [%emt 00:05:14]} 43. f4 {
[%clk 00:06:15]  [%emt 00:05:24]} 43... Bf6+ {[%clk 00:35:07]  [%emt 00:00:31]}
44. Kd2 {[%clk 00:05:08]  [%emt 00:01:37]} 44... Bd4 {
[%clk 00:35:19]  [%emt 00:00:16]} 45. h4 {[%clk 00:03:15]  [%emt 00:02:25]}
45... Kc4 {[%clk 00:35:27]  [%emt 00:00:22]} 46. h5 {
[%clk 00:02:11]  [%emt 00:01:34]} 46... Kb3 {[%clk 00:34:31]  [%emt 00:01:26]}
47. Bc1 {[%clk 00:01:51]  [%emt 00:00:50]} 47... Kxb4 {
[%clk 00:33:04]  [%emt 00:01:57]} 48. g5 {[%clk 00:01:48]  [%emt 00:00:33]}
48... hxg5 {[%clk 00:31:16]  [%emt 00:02:18]} 49. fxg5 {
[%clk 00:02:01]  [%emt 00:00:17]} 49... Kc4 {[%clk 00:31:35]  [%emt 00:00:11]}
50. h6 {[%clk 00:01:18]  [%emt 00:01:13]} 50... gxh6 {
[%clk 00:28:41]  [%emt 00:03:23]} 51. gxh6 {[%clk 00:01:29]  [%emt 00:00:19]}
51... Kd5 {[%clk 00:28:16]  [%emt 00:00:56]} 52. Ba3 {
[%clk 00:00:52]  [%emt 00:01:08]} 52... Bf6 {[%clk 00:27:28]  [%emt 00:01:17]}
53. Bf8 {[%clk 00:00:40]  [%emt 00:00:42]} 53... Ke6 {
[%clk 00:26:03]  [%emt 00:01:54]} 54. Ke3 {[%clk 00:00:33]  [%emt 00:00:38]}
54... Kf7 {[%clk 00:25:15]  [%emt 00:01:17]} 55. Bg7 {
[%clk 00:00:34]  [%emt 00:00:30]} 55... Bxg7 {[%clk 00:24:36]  [%emt 00:01:08]}
56. hxg7 {[%clk 00:00:51]  [%emt 00:00:14]} 1/2-1/2